The outlook for women in police work. (Record no. 36650)

MARC details
000 -LEADER
fixed length control field 00699cam a22002291 4500
001 - CONTROL NUMBER
control field l 49000055
003 - CONTROL NUMBER IDENTIFIER
control field DLC
005 - DATE AND TIME OF LATEST TRANSACTION
control field 20260227111541.0
008 - FIXED-LENGTH DATA ELEMENTS--GENERAL INFORMATION
fixed length control field 931015s1949 dcu b f000 0 eng c
010 ## - LIBRARY OF CONGRESS CONTROL NUMBER
LC control number l 49000055
035 ## - SYSTEM CONTROL NUMBER
System control number (OCoLC)29021008
040 ## - CATALOGING SOURCE
Original cataloging agency U.S. Dept. of Labor
Transcribing agency OrU
Modifying agency DLC
042 ## - AUTHENTICATION CODE
Authentication code premarc
050 00 - LIBRARY OF CONGRESS CALL NUMBER
Classification number HD6093
Item number .A35 no. 231
082 ## - DEWEY DECIMAL CLASSIFICATION NUMBER
Classification number 331.4813522
100 1# - MAIN ENTRY--PERSONAL NAME
Personal name Dougherty, Mildred.
245 14 - TITLE STATEMENT
Title The outlook for women in police work.
260 ## - PUBLICATION, DISTRIBUTION, ETC.
Place of publication, distribution, etc. Washington,
Name of publisher, distributor, etc. U.S. Govt. Print. Off.,
Date of publication, distribution, etc. 1949.
300 ## - PHYSICAL DESCRIPTION
Extent v, 31 p.
Dimensions 24 cm.
440 #0 - SERIES STATEMENT/ADDED ENTRY--TITLE
Title Bulletin (United States. Women's Bureau)
Volume/sequential designation no. 231
504 ## - BIBLIOGRAPHY, ETC. NOTE
Bibliography, etc. note "Sources to which reference is made in the text": p. 30-31.

No items available.

Powered by Koha